000 00738nam a2200241Ia 4500
003 OSt
005 20220923214716.0
006 a|||||r|||| 00| 0
007 ta
008 220922b |||||||| |||| 00| 0 hin d
024 _a171,894
037 _cTextual
040 _aARTS
_cARTS
_bhin
041 _2hin
_ahin
082 _aO152:3N303x, L3-;1
100 _aमहीप सिंह
245 0 _aमेरी प्रिय कहानियां
246 _aMerī priya kahāniyāan
260 _aदिल्ली
_b राजपाल एण्ड सन्ज
_c1973
300 _a146पृ.
_ccm.
942 _hO152:3N303x, L3-;1
_cTEXL
_2CC
999 _c326035
_d326035